Culture générale du sport #1 - Statistiques

Statistiques générales
  • Ce quiz a été pris 1 195 fois
  • Le résultat moyen est 8 sur 15
Statistiques - réponses
Questions Réponses % Correct
Qui est l'actuel détenteur du record du monde du 100 mètres ? Usain Bolt
98%
Quelle nation détient le record de victoires en Coupe Davis (tennis) ? États-Unis
78%
Quel athlète français est devenu triple champion olympique en biathlon ? Martin Fourcade
78%
Quel pays a organisé la première Coupe du Monde de football ? Uruguay
77%
Quel boxeur est considéré comme l'un des plus grands athlètes du XXe siècle et a notamment été surnommé "The Greatest" ? Muhammad Ali
75%
Quel joueur de handball français est surnommé "Le Roi" et a remporté plusieurs titres avec les Bleus ? Nikola Karabatic
69%
Combien de rounds comporte un combat de boxe professionnelle dans un championnat du monde ? 12
68%
Quel est le sport national du Japon ? Sumo
48%
Quel sport d’équipe est considéré comme ayant été inventé par le professeur canadien James Naismith en 1891 ? Basket-ball
43%
Dans quelle discipline olympique utilise-t-on un bateau appelé "skiff" ? Aviron
32%
En quelle année les femmes ont-elles pu participer pour la première fois aux Jeux Olympiques modernes ? 1900
28%
Dans quelle ville se trouve le siège du Comité International Olympique (CIO) ? Lausanne
23%
Quel sportif est le plus titré aux Jeux Olympiques en athlétisme, avec 9 médailles d'or ? Carl Lewis
21%
Qui est le premier coureur à avoir remporté le Tour de France cinq fois ? Jacques Anquetil
21%
Qui a été le premier président du Comité International Olympique (CIO) ? Dimitrios Vikelas
1%
Aucun quiz correspondant
Distribution des résultats
% des personnes avec chaque résultat
Percentile par nombre de réponses
Votre historique - résultats
Vous n’avez pas pris ce quiz